Time first learners' thesaurus : (Record no. 112322)
[ view plain ]
| 000 -LEADER | |
|---|---|
| fixed length control field | 00535nam a2200157 a 4500 |
| 001 - CONTROL NUMBER | |
| control field | 1625 |
| 005 - DATE AND TIME OF LATEST TRANSACTION | |
| control field | 20140414131933.0 |
| 008 - FIXED-LENGTH DATA ELEMENTS--GENERAL INFORMATION | |
| fixed length control field | 001117s19uu xx 00 eng d |
| 020 ## - INTERNATIONAL STANDARD BOOK NUMBER | |
| International Standard Book Number | 981-01-0092-2 |
| 050 ## - LIBRARY OF CONGRESS CALL NUMBER | |
| Classification number | REF 423 |
| Item number | T48 1988 |
| 245 ## - TITLE STATEMENT | |
| Title | Time first learners' thesaurus : |
| Remainder of title | a dictionary of related words designed to increase children's word power / |
| Statement of responsibility, etc | illustrated by Jennifer Marchant. |
| 260 ## - PUBLICATION, DISTRIBUTION, ETC. (IMPRINT) | |
| Place of publication, distribution, etc | Singapore : |
| Name of publisher, distributor, etc | Federal, |
| Date of publication, distribution, etc | 1988. |
| 300 ## - PHYSICAL DESCRIPTION | |
| Extent | 116 p. ; cm. |
| 650 ## - SUBJECT ADDED ENTRY--TOPICAL TERM | |
| Topical term or geographic name as entry element | English language -- Synonyms and antonyms. |
| Withdrawn status | Lost status | Damaged status | Use restrictions | Home library | Current library | Shelving location | Date acquired | Source of acquisition | Total Checkouts | Full call number | Barcode | Date last seen | Price effective from | Koha item type |
|---|---|---|---|---|---|---|---|---|---|---|---|---|---|---|
| Munich Library | Munich Library | Reference Section | 12/21/2004 | REF 423 T48 1988 | M3582 | 04/14/2014 | 04/14/2014 | Books |